Speak From The Heart : Be Yourself And Get Results (Record no. 582448)

MARC details
000 -LEADER
fixed length control field 00481nam a22001577a 4500
008 - FIXED-LENGTH DATA ELEMENTS--GENERAL INFORMATION
fixed length control field 250817b |||||||| |||| 00| 0 eng d
020 ## - INTERNATIONAL STANDARD BOOK NUMBER
ISBN 9781416584483
Paper back/Hardbound pbk
041 ## - LANGUAGE CODE
Language code of text/sound track or separate title eng
082 ## - DEWEY DECIMAL CLASSIFICATION NUMBER
Classification number 302.2242
Item number ADU
100 ## - MAIN ENTRY--AUTHOR NAME
Personal name Adubato, Steve
245 ## - TITLE STATEMENT
Title Speak From The Heart : Be Yourself And Get Results
Statement of responsibility, etc /Steve Adubato, Theresa Foy DiGeronimo
504 ## - BIBLIOGRAPHY, ETC. NOTE
Bibliography, etc Includes index
650 ## - SUBJECT ADDED ENTRY--TOPICAL TERM
Topical Term Affaires Business & Economics Careers General Business
942 ## - ADDED ENTRY ELEMENTS (KOHA)
Koha item type English Books
Holdings
Withdrawn status Lost status Damaged status Not for loan Home library Current library Shelving location Date acquired Full call number Accession Number Price effective from Koha item type
        Anna Centenary Library Anna Centenary Library 3RD FLOOR, B WING 17.08.2025 302.2242 ADU 449680 17.08.2025 English Books

Find us on the map